Designing preschool movement programs
| Main Author: | |
|---|---|
| Format: | Book |
| Published: |
Illinois :
Human Kinetics Publishers ,
1992
|
| Subjects: |
MARC
| LEADER | 00000cam a2200000 7i4500 | ||
|---|---|---|---|
| 001 | 0000004506 | ||
| 002 | 000004856 | ||
| 005 | 20000330.0 | ||
| 020 | |a 0873223624 | ||
| 090 | 0 | 0 | |a 372.86 |b SAN |
| 100 | 1 | |a Sanders, Stephen | |
| 245 | 1 | 0 | |a Designing preschool movement programs |c Stephen W.Sanders |
| 260 | |a Illinois : |b Human Kinetics Publishers , |c 1992 | ||
| 300 | |a 138p. ; |c 28cm. | ||
| 650 | 0 | 0 | |a Movement education |z United States |
| 999 | |a 034583 |b BUKU |c PINJAMAN |e PERPUSTAKAAN KOMUNITI PETALING JAYA | ||